Premier League Top Goalscorers by Club Quiz Stats

 Plays Quiz Updated Sep 12, 2018

Score 0/147 Timer 20:00
0 Plays Today
% Correct
Thierry Henry
93%
Alan Shearer
83.7%
Alan Shearer
83.7%
Didier Drogba
80.9%
Frank Lampard
80.8%
Steven Gerrard
74.4%
Ryan Giggs
74.2%
Michael Owen
73.7%
Ian Wright
73.5%
Jermain Defoe
73.2%
Harry Kane
72.2%
Robbie Fowler
72.2%
Robin van Persie
70.1%
Paul Scholes
69%
Jermain Defoe/Robbie Keane
66.5%
Shola Ameobi/Andrew Cole
64.2%
Wayne Rooney
64.1%
Darren Bent
62.9%
Romelu Lukaku
62.7%
Sergio Agüero
59.8%
Wilfried Zaha
58%
Riyad Mahrez
57.6%
Dwight Yorke
56.9%
Josh King
56.6%
Matt Le Tissier
56.1%
Glenn Murray
55.8%
Kevin Davies
55.6%
Clinton Morrison/Emile Heskey/Sebastian Larsson
55.5%
Mark Viduka
55.2%
Mark Viduka
55.2%
Callum Wilson
55.1%
Emile Heskey/Charles N'Zogbia
54.6%
Yaya Touré
52.2%
Kevin Phillips
51.7%
Carlton Cole
51.5%
Teddy Sheringham
51.2%
Chris Sutton
50.6%
Chris Sutton
50.6%
Les Ferdinand
50.4%
Darren Bent
49%
Andrew Johnson
47.6%
Dion Dublin
44.9%
Dion Dublin
44.8%
Duncan Ferguson
44.1%
Eden Hazard
43.3%
Wilfried Bony
43%
Aiyegbeni Yakubu
41.6%
Frazier Campbell
41.3%
Tim Cahill
40.5%
% Correct
Peter Crouch
40.5%
Gabriel Agbonlahor
39.8%
Kevin Doyle
39.8%
Kevin Doyle
39.8%
Harry Kewell
39.7%
Michu
38.3%
Junior Stanislas
37.9%
Sam Vokes
37.4%
Paulo Di Canio
37.1%
Charlie Adam
36.3%
Carlos Tevez
35.9%
Jamie Vardy
35.3%
Kevin Nolan
34.2%
Aaron Mooy
33.6%
Dudley Campbell
32.8%
Jonathan Walters
32.4%
James Beattie
30.6%
Danny Ings
30.4%
Gylfi Sigurdsson
30.3%
Ashley Barnes
29.8%
Clint Dempsey
29.3%
Steve Mounié
29.2%
Gary Taylor-Fletcher
27.9%
Stan Collymore
27.3%
James Morrison
25.9%
Oswaldo Giroldo Juninho
25.6%
Steven Fletcher
25.4%
Pascal Groß
25%
Dean Windass
24%
Marko Arnautović
23.5%
Abel Hernández
23.2%
Cameron Jerome
21.9%
Dave Kitson
21.7%
Jason Euell
21.7%
Marcus Stewart
21%
Paulo Wanchope
21%
Trevor Sinclair/Mark Noble
20.5%
Matthew Taylor
20.3%
Brian McBride
20%
Benito Carbone/Andy Booth
20%
Grant Holt
20%
Chris Brunt
19.4%
Geovanni
19%
Troy Deeney
18.8%
Peter Beardsley
18.7%
Brian Deane
18.4%
Muzzy Izzet/Emile Heskey
18%
Mikael Forssell
17.3%
Robbie Blake
16.6%
% Correct
Odion Ighalo
16.7%
Laurent Depoitre
16.5%
Benjani Mwaruwari
16.4%
Dean Holdsworth
16.1%
Marian Pahars
16.1%
Dean Sturridge
16%
Dane Whitehouse/Jostein Flo
15.9%
Robbie Earle
15.3%
Peter Odemwingie
15.2%
Mark Bright
15.2%
Efan Ekoku
14.7%
Hugo Rodallega
13.8%
David Hirst
13.8%
Jordon Mutch
13.1%
Jan-Aage Fjortoft
12.7%
Jan-Aage Fjortoft
12.7%
Bryan Roy
12.4%
Chris Armstrong
12.3%
Nikica Jelavic
11.5%
Ashley Ward
11%
Neil Redfearn
10.9%
Steed Malbranque
10.8%
Kevin Gallacher
10.8%
Henri Camara
10.6%
Malcolm Christie
10.3%
Ian Marshall/John Wark
10.3%
Noel Whelan
10.2%
Adam Le Fondre
10.2%
Lomano Lua Lua
10%
Hamilton Ricard
9.8%
José Izquierdo
9.8%
Peter Ndlovu
8.7%
Graham Sharp
8.7%
Stuart Pearce
8.6%
Rod Wallace
8.5%
Jonatan Johansson
7.9%
Mark Robins
7.7%
Steven Caulker
7.6%
Roberto Pereyra
7.4%
Andy Mutch
7.4%
Matt Jarvis
6.8%
Bradley Allen
6.7%
Darren Beckford/Paul Bernard/Neil Adams
6.4%
Kevin Gallen
5.9%
Peter Beagrie
5.2%
Chris Kiwomya
4.2%
Ian Olney
2.3%
Paul Bodin
2.3%
Adrian Littlejohn
1.7%

You're not logged in!

Compare scores with friends on all Sporcle quizzes.
OR
Log In

You Might Also Like...

Show Comments

Extras

Top Quizzes Today


Score Distribution

Your Account Isn't Verified!

In order to create a playlist on Sporcle, you need to verify the email address you used during registration. Go to your Sporcle Settings to finish the process.

Report this User

Report this user for behavior that violates our Community Guidelines.

Details: